Southville International School and Colleges
Your cart is empty.
  • Cart
  • Lists
    Public lists Eva Luna New books Lux_list list_1
    Your lists Log in to create your own lists
  • Log in to your account
  • Your cookies
  • Search history
Southville International School and Colleges
  • Advanced search
  • Recent comments
  • Most popular
  • Libraries

Log in to your account

Log in with GOOGLE


If you do not have an external account, but do have a local account, you can still log in:

  1. Home
  2. MARC view: A study on the effects of classroom management practices of teachers on the behavior of grade 5 and 6 students /
Normal view MARC view ISBD view

A study on the effects of classroom management practices of teachers on the behavior of grade 5 and 6 students / (Record no. 97506)

[ view plain ]
MARC details
000 -LEADER
fixed length control field 00902nam a2200217 a 4500
003 - CONTROL NUMBER IDENTIFIER
control field 0
005 - DATE AND TIME OF LATEST TRANSACTION
control field 20250321162800.0
008 - FIXED-LENGTH DATA ELEMENTS--GENERAL INFORMATION
fixed length control field 060801s19uu xx 00 eng d
050 ## - LIBRARY OF CONGRESS CALL NUMBER
Classification number PGS LB 3013.C55
Item number .K96 2006
100 ## - MAIN ENTRY--PERSONAL NAME
Personal name Kuroda, Yusuke.
245 ## - TITLE STATEMENT
Title A study on the effects of classroom management practices of teachers on the behavior of grade 5 and 6 students /
Statement of responsibility, etc Yusuke Kuroda.
260 ## - PUBLICATION, DISTRIBUTION, ETC. (IMPRINT)
Place of publication, distribution, etc Las Piñas City, Philippines :
Name of publisher, distributor, etc Southville International School and Colleges,
Date of publication, distribution, etc 2006.
300 ## - PHYSICAL DESCRIPTION
Extent 72 pages :
Other physical details illustrations ;
Dimensions 28 cm.
504 ## - BIBLIOGRAPHY, ETC. NOTE
Bibliography, etc Includes bibliographical references.
650 ## - SUBJECT ADDED ENTRY--TOPICAL TERM
Topical term or geographic name as entry element Classroom management
Form subdivision Psychological aspects.
650 ## - SUBJECT ADDED ENTRY--TOPICAL TERM
Topical term or geographic name as entry element Classroom environment
Form subdivision Effects on students.
650 ## - SUBJECT ADDED ENTRY--TOPICAL TERM
Topical term or geographic name as entry element School discipline
Form subdivision Influence on student behavior.
650 ## - SUBJECT ADDED ENTRY--TOPICAL TERM
Topical term or geographic name as entry element Behavioral assessment in education.
650 ## - SUBJECT ADDED ENTRY--TOPICAL TERM
Topical term or geographic name as entry element Elementary school students
Form subdivision Behavior.
942 ## - ADDED ENTRY ELEMENTS (KOHA)
Source of classification or shelving scheme Library of Congress Classification
Koha item type PASS
Holdings
Withdrawn status Lost status Source of classification or shelving scheme Damaged status Home library Current library Shelving location Date acquired Source of acquisition Total Checkouts Full call number Barcode Date last seen Price effective from Koha item type
    Library of Congress Classification   Luxembourg Library Luxembourg Library Portfolio Assessment of SISC Students Section 07/24/2006 Donation   PGS LB 3013.C55 .K96 2006 P1547 04/08/2014 04/08/2014 PASS

A study on the effects of classroom management practices of teachers on the behavior of grade 5 and 6 students /

APA

Kuroda Y., . (2006). A study on the effects of classroom management practices of teachers on the behavior of grade 5 and 6 students. Las Piñas City, Philippines: Southville International School and Colleges.

Chicago

Kuroda Yusuke, . 2006. A study on the effects of classroom management practices of teachers on the behavior of grade 5 and 6 students. Las Piñas City, Philippines: Southville International School and Colleges.

Harvard

Kuroda Y., . (2006). A study on the effects of classroom management practices of teachers on the behavior of grade 5 and 6 students. Las Piñas City, Philippines: Southville International School and Colleges.

MLA

Kuroda Yusuke, . A study on the effects of classroom management practices of teachers on the behavior of grade 5 and 6 students. Las Piñas City, Philippines: Southville International School and Colleges. 2006.

  • Print
  • Cite
  • Add to your cart (remove)
  • Save record
    BIBTEX Dublin Core MARCXML MARC (non-Unicode/MARC-8) MARC (Unicode/UTF-8) MARC (Unicode/UTF-8, Standard) MODS (XML) RIS
  • More searches
    Search for this title in:
    Other Libraries (WorldCat) Other Databases (Google Scholar) Online Stores (Bookfinder.com) Open Library (openlibrary.org)

Exporting to Dublin Core...

SOUTHVILLE LIBRARY

Southville International School and Colleges Library

1281 Tropical Ave. Cor. Luxembourg St., BF Homes International, Las Pinas City

Tel. No. 8256374 / 252358 Loc. 117/146

Powered by Koha